zpět

Detail výsledku týmu

Forrum, Brno

Datum a čas kvízu

31.5 Celkem bodů Celkový počet nahraných bodů na tomto kvízu bez doplňovacích otázek.
3. Pořadí na kvízu Konečné umístění týmu na tomto kvízu.

Zaznamenané odpovědi

# Otázka Odpověď Body Výsledky
1. Ředitel gymnázia Zdeněk Bergma... 0
2. Po kterém ruském umělci je poj... 1
3. Americký herec David Schwimmer... 1
4. Stovky lidí čekaly po tři dny... 1
5. Lewis Hamilton z týmu Mercedes... 1
6. V různých seriálech se objevil... 1
7. Napište jména herců, kteří ztv... 1
8. Walter White a Jesse Pinkman.... 1
9. Excentrický sedmdesátiletý věd... 1
10. A nakonec dvojice z českých ve... 1